000 00441nam a2200121Ia 4500
008 181126s9999 xx 000 0 und d
020 _a9789715380212
100 _aKalaw, Teodoro M.
245 _cTeodoro M. Kalaw
_aAn Acceptable holocaust:
_blife and death of a boy-general/
260 _aManila :
_bNational Historical Commission of the Philippines
_c2011
300 _axii, 108 pages :
_billustrated ;
_c23 cm.
650 _adel Pilar, Gregorio
999 _c359483
_d359483